Home is where you park it /

Bibliographic Details
Main Author: Peterson, Kay
Format: Book
Language:English
Published: Chicago : Follett, [1977]
Subjects:

MARC

Tag First Indicator Second Indicator Subfields
LEADER 00000cam a2200000 i 4500
001 in00000665286
005 20151015080229.0
008 770816s1977 ilu b 00010 eng
010 |a  76058608  
020 |a 0695807730 :  |c $5.95 
035 |a (OCoLC)03116702 
035 |9 ACX6085AM 
040 |a DLC  |c DLC  |d TXA  |d UtOrBLW 
049 |a TXAM  |c [1421246] 
050 0 0 |a GV198.7  |b .P47 
082 0 |a 796.7 
100 1 |a Peterson, Kay. 
245 1 0 |a Home is where you park it /  |c Kay Peterson. 
264 1 |a Chicago :  |b Follett,  |c [1977] 
264 4 |c ©1977 
300 |a 192 pages ;  |c 23 cm. 
336 |a text  |b txt  |2 rdacontent 
337 |a unmediated  |b n  |2 rdamedia 
338 |a volume  |b nc  |2 rdacarrier 
504 |a Bibliography: pages 190-192. 
650 0 |a Recreational vehicles. 
650 0 |a Mobile home living. 
999 |a MARS 
999 f f |s 7b0e6013-78dc-32c4-9594-0ac684f0ce10  |i b946180c-e4c8-3d6b-a08a-75608e6c9cff  |t 0 
952 f f |p ric  |a Texas A&M University  |b Rellis Campus  |c Joint Library Facility  |d Remote Storage  |t 0  |e GV198.7 .P47  |h Library of Congress classification  |i unmediated -- volume  |m A14802454406 
998 f f |a GV198.7 .P47  |t 0  |l Remote Storage